BSOP header

Davao history / (Record no. 2764)

MARC details
000 -LEADER
fixed length control field 00559nam a2200169 4500
008 - FIXED-LENGTH DATA ELEMENTS--GENERAL INFORMATION
fixed length control field 010814s1998 ph 0 engYA
020 ## - INTERNATIONAL STANDARD BOOK NUMBER
International Standard Book Number 9719200707
090 ## - LOCALLY ASSIGNED LC-TYPE CALL NUMBER (OCLC); LOCAL CALL NUMBER (OCLC)
Classification number (OCLC) (R) ; Classification number, CALL (RLIN) (NR) DS688.D3
Local cutter number (OCLC) ; Book number/undivided call number, CALL (RLIN) C81
100 1# - MAIN ENTRY--PERSONAL NAME
Personal name Corcino, Ernesto I.
245 10 - TITLE STATEMENT
Title Davao history /
Statement of responsibility, etc Ernesto I. Corcino.
260 ## - PUBLICATION, DISTRIBUTION, ETC. (IMPRINT)
Place of publication, distribution, etc Davao City :
Name of publisher, distributor, etc Philippine Cantennial Movement,
Date of publication, distribution, etc c1998.
300 ## - PHYSICAL DESCRIPTION
Extent 167 p. :
Other physical details ill., maps, ports.
504 ## - BIBLIOGRAPHY, ETC. NOTE
Bibliography, etc Biblio. : pp. 157-159.
651 #4 - SUBJECT ADDED ENTRY--GEOGRAPHIC NAME
Geographic name Davao (Philippines)
General subdivision History.
951 ## - EQUIVALENCE OR CROSS-REFERENCE-GEOGRAPHIC NAME/AREA NAME [OBSOLETE] [CAN/MARC only]
General subdivision 00014608
951 ## - EQUIVALENCE OR CROSS-REFERENCE-GEOGRAPHIC NAME/AREA NAME [OBSOLETE] [CAN/MARC only]
-- 23795
-- DS688.D3/C81
-- 070613110943265
-- 2000-12-21
-- FIL
Holdings
Withdrawn status Lost status Damaged status Not for loan Home library Current library Shelving location Date acquired Accession number Shelving control number Total Checkouts Full call number Barcode Date last seen Price effective from Koha item type
        BSOP Library BSOP Library Filipiniana 12/21/2000 23795 127   DS688.D3/C81 00014608 02/23/2013 02/23/2013 Books
BSOP

Biblical Seminary of the Philippines
  All rights Reserved
  © 2024

CONTACT INFORMATION

Biblical Seminary of the Philippines,
  77-B Karuhatan Road, Valenzuela City,
  PHILIPPINES 1441
  Phone: +632 8292-6795 / 8292-6798
  Fax : +632 8292-6675
  Email: library@bsop.edu.ph